Les 50 ... sites géologiques du Monde - Statistiques

Statistiques générales
  • Ce quiz a été pris 51 fois
  • Le résultat moyen est 14 sur 50
Statistiques - réponses
Par images Hint Réponse % Correct
Uluru/Ayers Rock Australie
95%
Grand Canyon États-Unis
93%
Falaises d'Etretat France
91%
Faille de San Andreas États-Unis
89%
Grande barrière de corail Australie
84%
Baie de Hạ Long Vietnam
75%
Mont Cervin Suisse
73%
Wulungyuan Chine
59%
Chutes d'Iguaçu Brésil / Argentine
57%
beinisvørð Danemark
50%
Zhangye Danxia Chine
41%
Orgue d'Ille sur Tet France
36%
Chaussée des géants Royaume-Uni
36%
Kilauea États-Unis
34%
Svartifoss Islande
34%
Wadi Rum Jordanie
30%
Ile Surtsey Islande
25%
landmannalaugar Islande
25%
Laguna Colorada Bolivie
23%
Teide Espagne
23%
Devils tower États-Unis
23%
Son Doong Viet Nam
23%
Karst de Shilin Chine
20%
Ali Sadr cave Iran
20%
Salto Ángel Vénézuela
20%
Dallol Éthiopie
16%
Mont Roraima Brésil / Vénézuela / Guayana
14%
Peñón de Guatapé Colombie
14%
Tajumulco Guatemala
14%
Spitzkoppe Namibie
14%
Monte San Giorgio Suisse
14%
Tassili de Hoggar Algérie
11%
Cratère des Pingualuit Canada
11%
Zacatón Mexique
11%
Canyon de la Tara Montenegro
11%
Cratère de Batagaika Russie
11%
Arbol de Piedra Bolivie
9%
Pico do Fogo Cap-Vert
9%
Tsingy de Bemaraha Madagascar
9%
Knockan Crag Royaume-Uni
9%
Massif du Tibesti Tchad
7%
Trou bleu de Dean Bahamas
5%
Géode de pulpi Espagne
2%
Badab-e Surt Iran
2%
Monts Aladagh Iran
2%
Zuma Rock Nigéria
2%
Glacier du Baltoro Pakistan
2%
Montagnes de Pirin Bulgarie
0%
Sangay Équateur
0%
Volcans de boue de Berca Roumanie
0%
Aucun quiz correspondant
Distribution des résultats
% des personnes avec chaque résultat
Percentile par nombre de réponses
Votre historique - résultats
Vous n’avez pas pris ce quiz